京急電鉄の入線メロディー - Statistics

General Stats
  • This quiz has been taken 17 times
  • The average score is 17 of 31
Answer Stats
Answer % Correct
赤い電車
100%
草競馬
85%
いい湯だな
85%
上を向いて歩こう
85%
ブルーライト・ヨコハマ
85%
夏色
85%
横須賀ストーリー
77%
夢で逢えたら
69%
パプリカ
69%
69%
岬めぐり
69%
MY HOME TOWN
69%
人生いろいろ
62%
港町十三番地
62%
さくら
62%
ゴジラのテーマ
62%
秋桜
62%
Dragon Night
62%
ニューヨーク・ニューヨーク
54%
城ヶ島の雨
54%
熱き星たちよ
46%
かもめが翔んだ日
46%
LIFE
46%
さかさまの空
38%
ハッピーバースデー
31%
世界に一つだけの花
23%
23%
若いってすばらしい
23%
R.Y.U.S.E.I.
23%
6つのレントラー舞曲
15%
RAINBOW
8%
No matching quizzes found
Score Distribution
Percent of People with Each Score
Percentile by Number Answered
Your Score History
You have not taken this quiz